000
00316pab a2200133 454500
008
180718b1989 xxu||||| |||| 00| 0 eng d
245
_a
Review of agriculture
260
_c
1989
300
_a
A-94-151
362
_a
30 Sep.
650
_a
Agriculture - India
773
_a
Economic and Political Weekly
909
_a
3702
999
_c
3702
_d
3702